| 000 | 00561nam a22001697a 4500 | ||
|---|---|---|---|
| 005 | 20251108171132.0 | ||
| 008 | 250721s1988 xx 000 0 ara d | ||
| 082 | 1 | 4 | _a214.1/خطي |
| 100 | 1 | _aالخطيب، محمد عجاج | |
| 245 | 1 | 0 |
_aفي رحاب أسماء الله الحسنى و صفاته العليا : _bعددها معانيها ... / |
| 264 | 1 |
_aبيروت : _bمؤسسة الرسالة، _c1988. |
|
| 300 | _a160ص. | ||
| 650 | 1 | 7 | _aأصول الدين الإسلامي |
| 650 | 1 | 7 | _aالتوحيد |
| 942 |
_2ddc _cBK |
||
| 999 |
_c57505 _d57505 |
||